<?xml version="1.0" encoding="UTF-8"?>
<collection xmlns="http://www.loc.gov/MARC21/slim">
 <record>
  <leader>00459pamaa2200133   4500</leader>
  <controlfield tag="001">0000017282</controlfield>
  <controlfield tag="005">20070328090000.0</controlfield>
  <datafield tag="020" ind1="0" ind2="0">
   <subfield code="a">0908121113 </subfield>
  </datafield>
  <datafield tag="090" ind1="0" ind2="0">
   <subfield code="a">DU97 </subfield>
   <subfield code="b">AUS 1985</subfield>
  </datafield>
  <datafield tag="245" ind1="0" ind2="0">
   <subfield code="a">AUSTRALIA brought to book : </subfield>
   <subfield code="b">responses to Australia by visiting writers, 1836-1939  </subfield>
   <subfield code="c">compiles and edited by Kaye Harman.</subfield>
  </datafield>
  <datafield tag="260" ind1="0" ind2="0">
   <subfield code="a">New South Wales: </subfield>
   <subfield code="b">Bookbook Publications, </subfield>
   <subfield code="c">1985.</subfield>
  </datafield>
  <datafield tag="300" ind1=" " ind2=" ">
   <subfield code="a">249p.: </subfield>
   <subfield code="b">29cm.</subfield>
  </datafield>
  <datafield tag="651" ind1="0" ind2="0">
   <subfield code="a">Australia -- </subfield>
   <subfield code="x">Literary collections </subfield>
  </datafield>
  <datafield tag="700" ind1="1" ind2="1">
   <subfield code="a">Harman, </subfield>
   <subfield code="h">Kaye </subfield>
  </datafield>
 </record>
</collection>
